Introduction to research in education

Bibliographic Details
Main Author: Ary, Donald
Other Authors: Jacobs, Lucy Cheser, Razavieh, Asghar
Format: Book
Language:English
Published: Fort Worth : Holt, Rinehart and Winston, inc. , 1990
Edition:4th ed.
Subjects:

MARC

LEADER 00000cam a2200000 7i4500
001 0000025535
005 20140912.0
008 190814 -usa eng
020 |a 00300324629 
040 |a INS 
090 0 0 |a LB2326.3   |b A79 1990 
100 1 |a Ary, Donald 
245 1 0 |a Introduction to research in education   |c Donald Ary, Lucy Cheser Jacobs, Asghar Razavieh 
250 |a 4th ed. 
260 |a Fort Worth :   |b Holt, Rinehart and Winston, inc. ,   |c 1990 
300 |a xiv, 536p. :   |b ill. ;   |c 24cm. 
500 |a Include index 
650 0 0 |a Education   |x Research 
700 1 |a Jacobs, Lucy Cheser 
700 1 |a Razavieh, Asghar 
999 |a 1000001872   |b BOOK   |c Open Shelf   |e Default branch